Biblioteca

Oscuro, muy oscuro (Registro nro. 68345)

Detalles MARC
000 -LÍDER
Campo fijo de descripción fija 00571nam a2200205 i 4500
001 - NÚMERO DE CONTROL
Campo de control BINCO
003 - IDENTIFICADOR DEL NÚMERO DE CONTROL
Campo de control CO-MdBIC
005 - FECHA Y HORA DE LA ULTIMA TRANSACCIÓN
control field 20221117154943.0
008 - ELEMENTOS DE LONGITUD FIJA -- INFORMACIÓN GENERAL
Campo fijo de descripción fija -- Información general 221117b19812007xxka|||| |||| 00| 0 spa d
020 ## - NÚMERO INTERNACIONAL NORMALIZADO PARA LIBROS
Número Internacional Normalizado del libro 9789707773363
040 ## - FUENTE DE CATALOGACIÓN
Agencia de catalogación original CO-MdBIC
Idioma de catalogación spa.
Agencia que realiza la transcripción CO-MdBIC
Agencia que realiza la modificación CO-MdBIC
041 ## - CÓDIGO DE IDIOMA
Código de idioma para texto/pista de sonido o título separado spa
082 ## - NÚMERO DE CLASIFICACIÓN DECIMAL DEWEY
Número de la edición del Dewey 22
Número de clasificación 603
Clave de autor-Numero de item B877
100 ## - ASIENTO PRINCIPAL--NOMBRE PERSONAL
Nombre personal Brown, Ruth
Fechas asociadas con el nombre (1941-
245 ## - TÍTULO
Título del Material Oscuro, muy oscuro
Mención de responsabilidad, etc. Brown, Ruth
264 ## - PRODUCCIÓN, PUBLICACIÓN, DISTRIBUCIÓN, MANUFACTURA, Y COPYRIGHT
Lugar de producción, publicación, distribución, manufactura Mexico:
Nombre del productor, publicador, distribuidor Editorial océano de México, S.A;
Fecha de producción, publicación, distribución, manufactura, o copyright ©2007.
300 ## - DESCRIPCIÓN FÍSICA
Extensión 30 páginas:
Otros detalles físicos Ilustraciones a color;
Dimensiones 27cm.
650 ## - ASIENTO SECUNDARIO DE MATERIA - TERMINO TEMÁTICO
Subdivisión general Animales
942 ## - TIPO DE MATERIAL (KOHA)
Tipo de Item KOHA Z- Libro General BINCO
Existencias
Estado de Material Estado de Perdido Forma de Clasificación Estado de Dañado No para Préstamo Biblioteca de Origen Biblioteca Permanente Fecha de Adquisición Total de Préstamos Signatura Topográfica Código de Barras Última vez visto Fecha de Remplazo Tipo de Material
    Dewey Decimal Classification     Biblioteca Infantil Comunitaria BINCO Biblioteca Infantil Comunitaria BINCO 17/11/2022   603 B877 B31084 17/11/2022 17/11/2022 Z- Libro General BINCO

Biblioteca FUSBC | Teléfono: (57+4) 349 88 10 Ext. 141| WhatsApp (+57) 3005338115 
E-mail: biblioteca@unisbc.edu.co | Calle 76 87-14 Robledo Palenque, Medellín, Colombia

Con tecnología Koha